| 000 | 00632nam a2200217 4500 | ||
|---|---|---|---|
| 003 | OSt | ||
| 005 | 20260601193400.0 | ||
| 008 | 260506b |||||||| |||| 00| 0 eng d | ||
| 020 | _a9063690274 | ||
| 040 |
_aICI _bspa _cICI |
||
| 050 |
_aNK1390 _b.B43 |
||
| 100 | 1 |
_aBritish Designers _934850 |
|
| 245 | 1 | _aBD 03 Interior, Branding, Graphic and New Media Design | |
| 264 |
_bBis Publishers, Amsterdam 2000 _c2002 _aLondon |
||
| 300 | _a144 páginas | ||
| 336 |
_atexto _2rdacontent |
||
| 337 |
_asin medio _2rdamedia |
||
| 338 |
_avolumen _2rdacarrier |
||
| 500 | _aExtraordinario libro de un gran Diseñador | ||
| 942 |
_2ddc _cB _n1 |
||
| 999 |
_c20957 _d20957 |
||